Sports Quiz

Random Sports Quiz

Ex- Newcastle players in the top 2 divisions Quiz Stats

 Plays Quiz not verified by Sporcle

Support Sporcle.
Go Orange.
Score 0/35 Timer 10:00
0 Plays Today
Club Player % Correct
LiverpoolAndy Carroll
84.1%
Manchester CityJames Milner
84.1%
LiverpoolJose Enrique
77.3%
QPRJoey Barton
75%
FulhamDamien Duff
72.7%
Aston VillaShay Given
70.5%
West Ham UnitedKevin Nolan
64%
Tottenham HotspurJermaine Jenas
59.1%
SunderlandTitus Bramble
56.8%
SwanseaWayne Routledge
56.8%
Aston VillaCharles N'Zogbia
54.5%
Tottenham HotspurScott Parker
54.5%
FulhamAaron Hughes
52.3%
Manchester UnitedMichael Owen
52.3%
Aston VillaStephen Ireland
50%
ReadingAndy Griffin
50%
Tottenham HotspurLouis Saha
47.7%
Tottenham Hotspur/WolvesSebastien Bassong
47.7%
Club Player % Correct
Birmingham CityStephen Carr
45.5%
Doncaster RoversHabib Beye
45.5%
QPRKieron Dyer
43.2%
LiverpoolCraig Bellamy
40.9%
Ipswich TownLee Bowyer
40.9%
QPR/Birmingham CityPeter Ramage
34.1%
Crystal PalaceDarren Ambrose
31.8%
Ipswich TownMichael Chopra
31.8%
BrightonKazenga LuaLua
29.5%
Leeds UnitedAndy O'Brien
29.5%
BurnleyDavid Edgar
25%
ChelseaPatrick Van Aanholt
20.5%
BlackpoolLomana LuaLua
20.5%
Nottingham ForestMarlon Harewood
20.5%
West Ham United Abdoulaye Faye
13.6%
QPRFitz Hall
11.4%
Doncaster RoversLamine Diatta
6.8%

You're not logged in!

Compare scores with friends on all Sporcle quizzes.
OR
Log In

From the Vault

Minecraft Ores

by lmasta

These are the things you have to mine if you're going to craft. See how that works?
Remove Ads.
Support Sporcle.
Get the best of Sporcle when you Go Orange. This ad-free experience offers more features, more stats, and more fun while also helping to support Sporcle. Thank you for becoming a member.

Show Comments

Extras

Top Quizzes Today


Score Distribution

Your Account Isn't Verified!

In order to create a playlist on Sporcle, you need to verify the email address you used during registration. Go to your Sporcle Settings to finish the process.

Report this User

Report this user for behavior that violates our Community Guidelines.

Details: